On ne badine pas avec l'amour - Statistiques

Statistiques générales
  • Ce quiz a été pris 6 fois
  • Le résultat moyen est 3 sur 18
Statistiques - réponses
Hint Réponse % Correct
Scène 1 Acte 1 Alfred de Musset
100%
Le dénouement Alfred de Musset
100%
Scène 3 Acte 3 Alfred de Musset
100%
I L’arrivée de maître Blazius
20%
Conclusion Ce dénouement fait basculer la comédie dans le tragique. C et P sont rattrapés par les conséquences de leur badinage. Cette scène confirme la dangerosité des jeux de l’amour ( ne pas prendre au sérieux ses sentiments et ceux des autres entraîne la souffrance et la mort.+ OUVERTURE
0%
Problématique Comment Perdican utilise t-il Rosette pour se venger de Camille ?
0%
Problématique En quoi ce dénouement révèle t-il la dimension tragique du badinage amoureux ?
0%
Problématique En quoi cette scène d’exposition remplie t-elle ses fonctions tout en témoignant d’une écriture dramatique originale ?
0%
III La catastrophe finale
0%
I La déclaration d’amour adressé à Rosette
0%
Conclusion La mise en scène d’une fausse déclaration permet de montrer la perfidie de Perdican envers Camille et sa cruauté envers Rosette, naïve et sincère qu’il utilise pour se venger. Elle révèle également la perspicacité de la paysanne qui se dit simple mais n’ignore rien des mouvements du cœur et qui pressent quelque chose d’anormal. On ne connaît pas encore l’efficacité du stratagème de Perdican mais Camille décidera de retarder son départ au couvent.
0%
II La présentation de Perdican par M Blazius
0%
III L’arrivée de Dame Pluche, un double inversé de M Blazius
0%
II L’effacement symbolique de Camille
0%
Conclusion Musset propose d’emblée à son lecteur un jeu habile et efficace. Il veille à lancer rapidement ce qui sera l’action principale de la pièce, les retrouvailles des jeunes gens. Il crée aussi un effet d’attente en annonçant leur arrivée. Nous avons des portraits antithétiques de M Blazius et de Dame Pluche, ils sont en réalité des fantoches grotesques. Ces protagonistes sont en réalité une satire des adultes et des représentants de la religion.
0%
II Un coup de théâtre
0%
III Un discours romantique sur l’amour cachant une critique indirecte de Camille
0%
I Une communion amoureuse
0%
Aucun quiz correspondant
Distribution des résultats
% des personnes avec chaque résultat
Percentile par nombre de réponses
Votre historique - résultats
Vous n’avez pas pris ce quiz